Nibandhādarśaḥ. (Record no. 81798)

MARC details
000 -LEADER
fixed length control field 01013cam a22002891 4500
001 - CONTROL NUMBER
control field sa 68007311
003 - CONTROL NUMBER IDENTIFIER
control field DLC
005 - DATE AND TIME OF LATEST TRANSACTION
control field 20260227112522.0
008 - FIXED-LENGTH DATA ELEMENTS--GENERAL INFORMATION
fixed length control field 860321s1967 ii 000 0 sanx
010 ## - LIBRARY OF CONGRESS CONTROL NUMBER
LC control number sa 68007311
025 ## - OVERSEAS ACQUISITION NUMBER
Overseas acquisition number PL480:I-San-894
035 ## - SYSTEM CONTROL NUMBER
System control number (OCoLC)13886743
040 ## - CATALOGING SOURCE
Original cataloging agency DLC
Transcribing agency NN
Modifying agency DLC
042 ## - AUTHENTICATION CODE
Authentication code premarc
050 00 - LIBRARY OF CONGRESS CALL NUMBER
Classification number PK3760
Item number .C5 1967
100 1# - MAIN ENTRY--PERSONAL NAME
Personal name Chaturvedi, Giridhar Sharma,
Dates associated with a name 1881-1966.
Relator term comp.
245 10 - TITLE STATEMENT
Title Nibandhādarśaḥ.
Statement of responsibility, etc. Saṃgrāhakaḥ Giridharaśarmā Caturvedaḥ. Sampādakaḥ Śivadattaśarmā Caturvedaḥ.
250 ## - EDITION STATEMENT
Edition statement [2. saṃskaṛaṇa]
260 ## - PUBLICATION, DISTRIBUTION, ETC.
Place of publication, distribution, etc. Vāranasī,
Name of publisher, distributor, etc. Caukhambā Saṃskṛta Sīrīja Āphisa,
Date of publication, distribution, etc. 1967.
300 ## - PHYSICAL DESCRIPTION
Extent 10, 132 p.
Dimensions 19 cm.
490 1# - SERIES STATEMENT
Series statement Haridas Sanskrit series,
Volume/sequential designation 272
500 ## - GENERAL NOTE
General note Added t.p.: Nibandhādarśa; a collecton [sic] of ideal Sanskrit essays.
500 ## - GENERAL NOTE
General note In Sanskrit.
650 #0 - SUBJECT ADDED ENTRY--TOPICAL TERM
Topical term or geographic name entry element Sanskrit essays.
700 1# - ADDED ENTRY--PERSONAL NAME
Personal name Chaturvedi, Shivadutta Sharma,
Relator term ed.
830 #0 - SERIES ADDED ENTRY--UNIFORM TITLE
Uniform title Haridāsa-Saṃskr̥ta-granthamālā ;
Volume/sequential designation 272.

No items available.

Powered by Koha